| Поле | Инд. | ПП | Название | Значение |
|---|---|---|---|---|
| Тип записи | a | |||
| Библиографический уровень | m | |||
| 001 | Контрольный номер | RU/LIBMSTU/229614655 | ||
| 005 | Дата корректировки | 20140505124914.8 | ||
| 008 | Кодируемые данные | 070417|||||||||ru |||||||||||000|||rus|| | ||
| 020 | a | ISBN | 5-93295-266-5 | |
| c | Цена, тираж | 70-00 | ||
| 040 | b | Код языка каталог. | rus | |
| e | Правила каталог. | RSBO | ||
| 041 | a | Код языка текста | rus | |
| 084 | a | Индекс другой классификации/Индекс ББК | 67.52+67.410.12 | |
| 090 | a | Полочн. индекс | 67.52 | |
| x | Авторский знак | Ж 70 | ||
| 100 | 1_ | a | Автор | Жижина М. В. |
| 245 | 10 | a | Заглавие | Криминалистическая экспертиза документов в арбитражном судопроизводстве |
| c | Ответственность | под ред. В. Ф. Орловой | ||
| 260 | a | Место издания | Москва | |
| b | Издательство | Юрлитинформ | ||
| c | Дата издания | 2007 | ||
| 300 | a | Объем | 191 с. | |
| 650 | a | Основная рубрика | Криминалистическая техника | |
| 650 | 14 | a | Основная рубрика | Арбитраж-Российская Федерация |
| 653 | a | Ключевые слова | Арбитражное судопроизводство | |
| a | Ключевые слова | Криминалистическая экспертиза | ||
| a | Ключевые слова | Экспертиза документов | ||
| 700 | a | Другие авторы | Орлова В. Ф. | |
| e | Роль лиц | ред. | ||
| 901 | t | Тип документа | m |